Hỏi và đáp môn Tư tưởng Hồ Chí Minh
Các câu hỏi và giải đáp về hệ thống tư tưởng Hồ Chí Minh, phương pháp nghiên cứu bộ môn tư tưởng Hồ Chí Minh. Những điều kiện lịch sử-xã hội dẫn đến sự ra đời của tư tưởng Hồ Chí Minh......
Tallennettuna:
| Päätekijä: | |
|---|---|
| Muut tekijät: | |
| Aineistotyyppi: | Kirja |
| Kieli: | Undetermined |
| Julkaistu: |
Tp. Hồ Chí Minh
Nxb. Trẻ
2007
|
| Aiheet: | |
| Linkit: | http://lrc.tdmu.edu.vn/opac/search/detail.asp?aID=2&ID=16601 |
| Tagit: |
Lisää tagi
Ei tageja, Lisää ensimmäinen tagi!
|
| Thư viện lưu trữ: | Trung tâm Học liệu Trường Đại học Thủ Dầu Một |
|---|
| LEADER | 01070nam a2200217Ia 4500 | ||
|---|---|---|---|
| 001 | TDMU_16601 | ||
| 008 | 210410s9999 xx 000 0 und d | ||
| 082 | |a 335.4346076 | ||
| 090 | |b L250 | ||
| 100 | |a Lê, Thanh Hà | ||
| 245 | 0 | |a Hỏi và đáp môn Tư tưởng Hồ Chí Minh | |
| 245 | 0 | |c Lê Thanh Hà, Nguyễn Trung Tính, Nguyễn Thị Thu biên soạn | |
| 260 | |a Tp. Hồ Chí Minh | ||
| 260 | |b Nxb. Trẻ | ||
| 260 | |c 2007 | ||
| 300 | |a 121tr. | ||
| 520 | |a Các câu hỏi và giải đáp về hệ thống tư tưởng Hồ Chí Minh, phương pháp nghiên cứu bộ môn tư tưởng Hồ Chí Minh. Những điều kiện lịch sử-xã hội dẫn đến sự ra đời của tư tưởng Hồ Chí Minh... | ||
| 650 | |a Tư tưởng Hồ Chí Minh |x Hỏi & đáp | ||
| 700 | |a Nguyễn, Trung Tính | ||
| 856 | |u http://lrc.tdmu.edu.vn/opac/search/detail.asp?aID=2&ID=16601 | ||
| 980 | |a Trung tâm Học liệu Trường Đại học Thủ Dầu Một | ||